[Event "Summer Cup"]
[Site "Wellington Chess Club"]
[Date "2023.02.26"]
[Round "3.28"]
[White "Meravanage, Satwik"]
[Black "Asher, Bruce"]
[Result "1-0"]
[WhiteElo "1546"]
[BlackElo "1064"]

1. e4 e5 2. Nc3 Nf6 3. f4 Nc6 4. fxe5 Nxe5 5. d4 Nc6 6. e5 Qe7 7. Be2 Ng8 8.
Nf3 f6 9. O-O a6 10. Nd5 Qf7 11. Nxc7+ Kd8 12. Nxa8 fxe5 13. Nxe5 Qd5 14. Rxf8+
Ke7 15. Re8+ Kxe8 16. Nc7+ 1-0

[Event "Summer Cup"]
[Site "Wellington Chess Club"]
[Date "2023.02.26"]
[Round "3.29"]
[White "Krause, Dawid"]
[Black "Dutt, Rishay"]
[Result "1-0"]
[WhiteElo "1500"]
[BlackElo "1000"]

1. d4 e6 2. Bf4 Bb4+ 3. c3 Bd6 4. Bg3 Nc6 5. Nf3 b6 6. e3 Bb7 7. Bd3 Qf6 8. Bh4
g5 9. Bxg5 Qg7 10. O-O e5 11. Nbd2 f6 12. Bh4 O-O-O 13. Nc4 Re8 14. Bf5 Nh6 15.
Bh3 Ba6 16. Qa4 Kb7 17. d5 b5 18. dxc6+ dxc6 19. Nxd6+ Kb8 20. Qxa6 cxd6 21.
Qxc6 Re7 22. Qxd6+ Ka8 23. Bxf6 Nf5 24. Bxf5 Rd7 25. Bxd7 Qg6 26. Bc6# 1-0

[Event "Summer Cup"]
[Site "Wellington Chess Club"]
[Date "2023.02.26"]
[Round "3.30"]
[White "Osborne, Geoff"]
[Black "Moses, Christopher"]
[Result "0-1"]
[WhiteElo "1468"]
[BlackElo "1000"]

1. e4 c6 2. d4 d5 3. exd5 cxd5 4. c4 Nf6 5. Nf3 Bg4 6. cxd5 Bxf3 7. Qxf3 Nxd5
8. Bd3 e6 9. O-O Bd6 10. Re1 Nc6 11. Bb5 Rc8 12. Bxc6+ Rxc6 13. Bd2 O-O 14. Nc3
Nxc3 15. Bxc3 Qc7 16. Qh3 b5 17. Red1 b4 18. Bd2 Rc2 19. Rab1 Rc8 20. a3 bxa3
21. bxa3 Bxa3 22. Qxa3 Qc4 23. Rbc1 Rxd2 24. Re1 Rc2 25. Rxc2 Qxc2 26. g3 Qd2
27. Qa1 Rc2 28. Rf1 a5 29. Qd1 a4 30. Qxd2 Rxd2 31. Rc1 g6 32. Rc4 a3 33. Ra4
a2 0-1

[Event "Summer Cup"]
[Site "Wellington Chess Club"]
[Date "2023.02.26"]
[Round "3.31"]
[White "Sethuramalingam, Karthik"]
[Black "Hall, Corey"]
[Result "1-0"]
[WhiteElo "1415"]
[BlackElo "1000"]

1. d4 Nf6 2. Bf4 d5 3. e3 Bf5 4. c4 Nc6 5. cxd5 Nxd5 6. Bg3 e6 7. a3 Bd6 8. Nc3
O-O 9. Nf3 Bxg3 10. hxg3 a5 11. Nh4 Qg5 12. Nxd5 exd5 13. Nxf5 Qxf5 14. Bd3 Qd7
15. Bxh7+ Kh8 16. Bf5+ Kg8 17. Rh8+ Kxh8 18. Qh5+ Kg8 19. Qh7# 1-0

[Event "Summer Cup"]
[Site "Wellington Chess Club"]
[Date "2023.02.26"]
[Round "3.34"]
[White "Lavender, Ariel"]
[Black "Keay, Matt"]
[Result "1-0"]
[WhiteElo "1512"]
[BlackElo "1757"]

1. d4 d5 2. Nf3 Nf6 3. c4 dxc4 4. g3 e6 5. Bg2 c5 6. Qa4+ Bd7 7. Qxc4 Nc6 8.
O-O cxd4 9. Nxd4 Nxd4 10. Qxd4 Bc6 11. Bxc6+ bxc6 12. Qa4 Qb6 13. Be3 Qb5 14.
Qc2 Nd5 15. Bd4 c5 16. Nc3 Qc4 17. Be5 f6 18. b3 Qb4 19. Nxd5 exd5 20. Bc3 Qb6
21. Qf5 Qc6 22. Qh5+ g6 23. Qf3 Be7 24. Rfd1 Rd8 25. Rac1 Kf7 26. b4 Qe6 27.
bxc5 Bxc5 28. Bd4 Bxd4 29. Rc7+ Rd7 30. Rxd7+ Qxd7 31. Rxd4 Rd8 32. e4 Qb7 33.
e5 f5 34. g4 Ke6 35. Qe2 Qc7 36. f4 Qb6 37. Qd3 Rc8 38. gxf5+ gxf5 39. Kg2 Qb2+
40. Kh3 Rc3 41. Rxd5 Rxd3+ 42. Rxd3 Qe2 43. Rd6+ Ke7 44. Kh4 Qg4# 1-0

[Event "Summer Cup"]
[Site "Wellington Chess Club"]
[Date "2023.03.02"]
[Round "4.1"]
[White "Cilia Vincenti, David"]
[Black "Croad, Nicolas"]
[Result "1/2-1/2"]
[WhiteElo "2136"]
[BlackElo "2442"]

1. d4 Nf6 2. c4 e6 3. Nc3 Bb4 4. Qc2 d5 5. a3 Bxc3+ 6. Qxc3 O-O 7. Nf3 dxc4 8.
Qxc4 b6 9. Bg5 Ba6 10. Qa4 Qd7 11. Qc2 c5 12. Bxf6 gxf6 13. Rd1 Qc6 14. dxc5
Nd7 15. Nd4 Qxc5 16. Qxc5 Nxc5 17. b4 Na4 18. e3 Bxf1 19. Rxf1 Rfd8 20. Rc1
Rac8 21. Ke2 Nc3+ 22. Kd3 Nd5 23. b5 Kf8 24. Rxc8 Rxc8 25. Nc6 Ne7 26. Nxe7
Kxe7 27. Rb1 Rc5 28. Rb4 Rg5 29. g3 Rh5 30. h4 Rd5+ 31. Ke2 f5 32. f4 Rc5 33.
Ra4 Rxb5 34. Rxa7+ Kf6 35. Ra6 1/2-1/2

[Event "Summer Cup"]
[Site "Wellington Chess Club"]
[Date "2023.03.02"]
[Round "4.2"]
[White "Winter, Ryan"]
[Black "Winsley, Nicholas"]
[Result "1-0"]
[WhiteElo "2209"]
[BlackElo "1942"]

1. e4 c5 2. Nc3 e6 3. Nf3 d5 4. exd5 exd5 5. Bb5+ Nc6 6. d4 a6 7. Be2 Nf6 8.
O-O cxd4 9. Nxd4 Be7 10. Be3 O-O 11. Re1 Be6 12. a3 Nxd4 13. Bxd4 Ne4 14. Bf3
Nxc3 15. Bxc3 Rc8 16. Bd4 Bc5 17. c3 Qd7 18. Bxc5 Rxc5 19. Re2 Rd8 20. Rd2 Qe7
21. Qe2 Rc7 22. Rad1 Rcd7 23. Rd4 Kf8 24. Qe5 f6 25. Qh5 Bg8 26. g3 Qe5 27. Qh4
Rd6 28. Kg2 b5 29. R4d2 h6 30. Qb4 Kf7 31. Re2 Qf5 32. Rde1 d4 33. Re7+ Kg6 34.
g4 Qf4 35. Be4+ Kg5 36. h4+ 1-0

[Event "Summer Cup"]
[Site "Wellington Chess Club"]
[Date "2023.03.02"]
[Round "4.3"]
[White "Ker, Anthony"]
[Black "Aldridge, Alan"]
[Result "1-0"]
[WhiteElo "2425"]
[BlackElo "1760"]

1. e4 e5 2. Nf3 Nc6 3. d4 exd4 4. Bc4 Nf6 5. e5 d5 6. Bb5 Ne4 7. Nxd4 Bd7 8.
Bxc6 bxc6 9. O-O Bc5 10. f3 Ng5 11. f4 Ne4 12. Be3 Bxd4 13. Qxd4 Bf5 14. Nc3
O-O 15. Nxe4 dxe4 16. Rad1 Qxd4 17. Rxd4 f6 18. exf6 Rxf6 19. Rfd1 a6 20. Rb4
Rd6 21. Rxd6 cxd6 22. Rb6 Bd7 23. Rb7 Be8 24. Re7 Bf7 25. b3 h5 26. Kf2 c5 27.
Rxe4 d5 28. Ra4 d4 29. Bc1 c4 30. bxc4 Rc8 31. Ke2 Rxc4 32. Rxc4 Bxc4+ 33. Kd2
Bxa2 34. Bb2 Kf7 35. Bxd4 g6 36. Kd3 Bd5 37. g3 Ke6 38. c4 Bg2 39. Bb6 Kd6 40.
Kd4 Kc6 41. Ba5 Bf1 42. Bb4 Bh3 43. Ke5 Bf5 44. Kf6 Bd3 45. h3 a5 46. Ba3 Kd7
47. g4 Be2 48. gxh5 gxh5 49. c5 Bf1 50. h4 Be2 51. f5 Bf3 52. Kg7 Kc7 53. f6
Bd5 54. f7 1-0

[Event "Summer Cup"]
[Site "Wellington Chess Club"]
[Date "2023.03.02"]
[Round "4.4"]
[White "Benitez, Edgar"]
[Black "Dive, Russell"]
[Result "0-1"]
[WhiteElo "1930"]
[BlackElo "2350"]

1. d4 Nf6 2. c4 e6 3. Nc3 Bb4 4. e3 O-O 5. Bd3 c5 6. Nf3 Nc6 7. O-O d5 8. a3
Bxc3 9. bxc3 dxc4 10. Bxc4 Qc7 11. Qe2 e5 12. d5 Ne7 13. e4 Ng6 14. h3 Nh5 15.
Be3 Nhf4 16. Qd2 Qd6 17. Rfe1 Bd7 18. Bf1 Rae8 19. c4 f5 20. exf5 Rxf5 21. Nh2
Rh5 22. Bxf4 Nxf4 23. Re3 Rg5 24. Rg3 Qg6 25. Qe3 Rxg3 26. fxg3 Nh5 27. g4 Nf6
28. Qxc5 Qc2 29. Qe3 b5 30. Rc1 Qa4 31. g5 Nh5 32. c5 Nf4 33. c6 Bf5 34. d6 Rf8
35. d7 Qa5 36. Qxe5 Be4 37. Nf3 Nxh3+ 38. gxh3 Rxf3 39. d8=Q+ Qxd8 40. Rc5 Rf5
0-1

[Event "Summer Cup"]
[Site "Wellington Chess Club"]
[Date "2023.03.02"]
[Round "4.5"]
[White "Langford, Josh"]
[Black "Van der Hoorn, Thomas"]
[Result "0-1"]
[WhiteElo "2163"]
[BlackElo "2068"]

1. e4 c5 2. Nf3 Nc6 3. d4 cxd4 4. Nxd4 e5 5. Nb5 d6 6. c4 g6 7. N1c3 a6 8. Na3
Bg7 9. Bd3 Nf6 10. O-O O-O 11. Nc2 Be6 12. Re1 Rc8 13. b3 b5 14. Nd5 bxc4 15.
Bxc4 Bxd5 16. exd5 Ne7 17. Ne3 Qb6 18. Qe2 Nh5 19. g3 a5 20. Ba3 f5 21. Rac1 f4
22. Nf1 Nf5 23. Kh1 Nd4 24. Qg4 fxg3 25. fxg3 Bh6 26. Rc3 Nb5 27. Bc1 Nxc3 28.
Bxh6 Ng7 29. Nd2 Qb7 30. Nf3 Rf6 31. Ng5 Nf5 32. Qf3 Qe7 33. Rf1 Nxa2 34. Ne4
Rf7 35. Bg5 Qf8 36. Kg1 h6 37. Bd2 Rd8 38. Bxa5 Rdd7 39. Qe2 Nd4 40. Qxa2 Rxf1+
41. Bxf1 Qf3 42. Qg2 Qe3+ 43. Kh1 Rf7 44. Bd2 Rxf1+ 45. Qxf1 Qxe4+ 46. Qg2 Qb1+
0-1

[Event "Summer Cup"]
[Site "Wellington Chess Club"]
[Date "2023.03.02"]
[Round "4.6"]
[White "Tanoi, Edward"]
[Black "Sole, Michael"]
[Result "0-1"]
[WhiteElo "1993"]
[BlackElo "2142"]

1. d4 Nf6 2. Nf3 d5 3. c4 e6 4. Nc3 Bb4 5. Qa4+ Nc6 6. Bg5 Bd7 7. Qb3 dxc4 8.
Qxc4 h6 9. Bh4 O-O 10. e3 Bd6 11. Be2 g5 12. Bg3 Ne7 13. h4 Bxg3 14. hxg5 Bxf2+
15. Kxf2 Ng4+ 16. Kg1 Nxe3 17. Qd3 N7f5 18. Ne4 hxg5 19. Nfxg5 f6 20. g4 fxg5
21. gxf5 exf5 22. Qxe3 fxe4 23. Bc4+ Kg7 24. Qxe4 Bf5 25. Qe5+ Kg6 26. Rf1 Qd7
27. Be2 g4 28. Qf4 Rh8 29. Rxh8 Rxh8 30. Bxg4 Bxg4 31. Qf6+ Kh7 32. Qh4+ Kg8
33. Qf6 Qg7 34. Qd8+ Kh7 35. Qh4+ Bh5+ 0-1

[Event "Summer Cup"]
[Site "Wellington Chess Club"]
[Date "2023.03.02"]
[Round "4.7"]
[White "Archer, Ollie"]
[Black "Stoeveken, Peter"]
[Result "1-0"]
[WhiteElo "2151"]
[BlackElo "1779"]

1. d4 d5 2. c4 Nf6 3. cxd5 Nxd5 4. e4 Nf6 5. Nc3 e6 6. Nf3 c6 7. Bd3 h6 8. O-O
Be7 9. Bb1 Nbd7 10. Qd3 Nb6 11. a4 a5 12. Rd1 Qc7 13. g3 g5 14. Ne5 Bd6 15. Ng6
Rg8 16. e5 Rxg6 17. exf6 Rxf6 18. Qh7 Bf8 19. Qh8 Qe7 20. b3 Bd7 21. Ba3 1-0

[Event "Summer Cup"]
[Site "Wellington Chess Club"]
[Date "2023.03.02"]
[Round "4.8"]
[White "Forster, Bill"]
[Black "Henrys, Francis"]
[Result "1-0"]
[WhiteElo "2053"]
[BlackElo "1728"]

1. d4 d5 2. c4 c6 3. Nc3 e6 4. Nf3 Nd7 5. cxd5 cxd5 6. Bf4 Bb4 7. e3 Ngf6 8.
Bd3 O-O 9. O-O Qe7 10. Rc1 a6 11. h3 h6 12. Bb1 b5 13. Ne5 Qe8 14. Qd3 Bxc3 15.
Rxc3 Bb7 16. Rc7 Bc8 17. Nc6 a5 18. Bd6 Ba6 19. Rc1 b4 20. Qc2 Nb6 21. Be5 Nbd7
22. Rxd7 Qxd7 23. Bxf6 g6 24. Ne7+ 1-0

[Event "Summer Cup"]
[Site "Wellington Chess Club"]
[Date "2023.03.02"]
[Round "4.9"]
[White "Keay, Matt"]
[Black "Young, Cohen"]
[Result "0-1"]
[WhiteElo "1757"]
[BlackElo "1994"]

1. e4 c5 2. Nf3 e6 3. d4 cxd4 4. Nxd4 Nf6 5. f3 d5 6. exd5 Nxd5 7. Bc4 Bc5 8.
O-O e5 9. Re1 Nc6 10. Bb5 O-O 11. Bxc6 Bxd4+ 0-1

[Event "Summer Cup"]
[Site "Wellington Chess Club"]
[Date "2023.03.02"]
[Round "4.10"]
[White "Dixon, Hamish"]
[Black "Perrin, Brent"]
[Result "0-1"]
[WhiteElo "1720"]
[BlackElo "1960"]

1. e4 e6 2. d4 d5 3. e5 c5 4. c3 Ne7 5. dxc5 Nec6 6. Nf3 Bxc5 7. Bd3 Nd7 8. Qe2
f6 9. exf6 Nxf6 10. Bg5 O-O 11. O-O Qc7 12. Re1 Ng4 13. h3 Bxf2+ 14. Kh1 Bxe1
15. Qxe1 Nge5 16. Qg3 Rf7 17. Bf4 Rxf4 18. Qxf4 Qf7 19. Bxh7+ Kh8 20. Qh4 Nxf3
21. gxf3 Qxf3+ 22. Kg1 Qe3+ 23. Kh2 Qh6 24. Qxh6 gxh6 25. Bc2 Bd7 26. Nd2 Rf8
27. Rg1 Rf2+ 28. Rg2 Rxg2+ 29. Kxg2 Kg7 30. Nf3 Kf6 31. Ba4 Ne5 32. Bc2 Nxf3
33. Kxf3 e5 34. h4 Bf5 35. Bb3 Be6 36. a3 Kf5 37. Bc2+ e4+ 38. Kg3 Ke5 39. b4
Bd7 40. a4 d4 41. cxd4+ Kxd4 0-1

[Event "Summer Cup"]
[Site "Wellington Chess Club"]
[Date "2023.03.02"]
[Round "4.11"]
[White "Hall, Nathan"]
[Black "Ulm, Joy"]
[Result "1-0"]
[WhiteElo "1922"]
[BlackElo "1654"]

1. e4 e5 2. Nf3 Nc6 3. Bc4 Bc5 4. c3 Nf6 5. d4 exd4 6. e5 Na5 7. exf6 Nxc4 8.
Qe2+ Ne3 9. fxg7 Rg8 10. fxe3 dxc3 11. Nxc3 Rxg7 12. O-O d6 13. b4 Bb6 14. Nd5
Bg4 15. Bb2 1-0

[Event "Summer Cup"]
[Site "Wellington Chess Club"]
[Date "2023.03.02"]
[Round "4.12"]
[White "Frost, Paul"]
[Black "Jackson, Ross"]
[Result "0-1"]
[WhiteElo "1799"]
[BlackElo "1885"]

1. Nf3 d5 2. c4 c6 3. e3 Nf6 4. Nc3 a6 5. b3 Bg4 6. Be2 e6 7. Bb2 Nbd7 8. h3
Bh5 9. g4 Bg6 10. g5 Ne4 11. h4 h6 12. gxh6 Rxh6 13. d3 Nef6 14. Qd2 dxc4 15.
dxc4 Qc7 16. O-O-O b5 17. Nd4 e5 18. Nc2 b4 19. Na4 Ne4 20. Qe1 a5 21. f3 Nec5
22. Nxc5 Nxc5 23. Rd2 a4 24. bxa4 Nxa4 25. e4 Nxb2 26. Kxb2 Bc5 27. Rd3 Qa5 28.
Qb1 Bh5 29. Rg1 Kf8 30. Rg5 f6 31. Rg2 Bf7 32. Rd7 Rxh4 33. Rd1 Qa6 34. Ka1
Bxc4 35. Bxc4 Qxc4 36. Kb2 Qc3+ 37. Kc1 Qxf3 38. Rgd2 Rxe4 39. Rd8+ Rxd8 40.
Rxd8+ Ke7 41. Rd1 Qc3 0-1

[Event "Summer Cup"]
[Site "Wellington Chess Club"]
[Date "2023.03.02"]
[Round "4.13"]
[White "Thirkell, Zachary"]
[Black "Shepherd, Blake"]
[Result "1-0"]
[WhiteElo "1885"]
[BlackElo "1566"]

1. d4 Nf6 2. c4 e5 3. dxe5 Ng4 4. Nf3 Bc5 5. e3 Nc6 6. Be2 Ngxe5 7. Nbd2 d6 8.
O-O O-O 9. b3 Qf6 10. Rb1 Nxf3+ 11. Nxf3 Qg6 12. Bd3 Bf5 13. Nh4 Bg4 14. Nxg6
Bxd1 15. Nxf8 Bg4 16. h3 Bc8 17. Nxh7 Ne5 18. Bc2 f6 19. g4 Kf7 20. f4 Ng6 21.
Kh2 Bd7 22. g5 f5 23. h4 Nxh4 24. g6+ Nxg6 25. Ng5+ Ke7 26. e4 Rh8+ 27. Kg3 Kf6
28. Bb2+ Ne5 29. fxe5+ Kxg5 30. exf5 g6 31. Bc1+ 1-0

[Event "Summer Cup"]
[Site "Wellington Chess Club"]
[Date "2023.03.02"]
[Round "4.14"]
[White "Keith, Matthew"]
[Black "Katkodia, Ali"]
[Result "1-0"]
[WhiteElo "1500"]
[BlackElo "1843"]

1. Nf3 g6 2. c4 Nf6 3. d4 Bg7 4. g3 d6 5. Bg2 Nc6 6. O-O O-O 7. Nc3 Re8 8. Bg5
h6 9. Bf4 Nh5 10. Be3 e5 11. dxe5 Nxe5 12. Nxe5 Rxe5 13. Bd4 Re7 14. Bxg7 Nxg7
15. Nd5 Re8 16. Qd2 c6 17. Nc3 h5 18. Rad1 Be6 19. Qf4 g5 20. Qd4 Nf5 21. Qd3
Qb6 22. b3 Qa5 23. Ne4 Qe5 24. Nxg5 Bd7 25. e4 Nh6 26. f4 Qc5+ 27. Qd4 Qxd4+
28. Rxd4 Rad8 29. Rxd6 Kg7 30. Rxh6 Kxh6 31. Nxf7+ Kg6 32. Nxd8 1-0

[Event "Summer Cup"]
[Site "Wellington Chess Club"]
[Date "2023.03.02"]
[Round "4.16"]
[White "Qu, Lucas"]
[Black "Brockway, Andrew"]
[Result "0-1"]
[WhiteElo "1358"]
[BlackElo "1662"]

1. e4 c5 2. d4 cxd4 3. c3 g6 4. cxd4 d5 5. e5 Bg7 6. Qb3 Nc6 7. Nf3 Bg4 8. Qxb7
Bd7 9. Bb5 Rb8 10. Bxc6 Rxb7 11. Bxb7 e6 12. Nc3 Qb6 13. Bxd5 exd5 14. Nxd5 Qb7
15. Nc3 Ne7 16. Nd1 Bc6 17. Be3 O-O 18. Rg1 Nd5 19. b3 Nb4 20. Kd2 Rd8 21. Kc3
Bd5 22. Ne1 Nxa2+ 0-1

[Event "Summer Cup"]
[Site "Wellington Chess Club"]
[Date "2023.03.02"]
[Round "4.18"]
[White "Farrington, Lawrence"]
[Black "Coates, Alex"]
[Result "0-1"]
[WhiteElo "1569"]
[BlackElo "1718"]

1. e4 e6 2. d4 d5 3. Nc3 Nf6 4. e5 Nfd7 5. f4 c5 6. Be3 Nc6 7. Nf3 a6 8. Be2 b5
9. dxc5 Bxc5 10. Bxc5 Nxc5 11. Nd4 Qb6 12. Nxc6 Qxc6 13. Qd4 O-O 14. O-O Bb7
15. Bf3 Ne4 16. Rae1 Nxc3 17. bxc3 Rfc8 18. Re3 Qc4 19. Qxc4 Rxc4 20. Be2 Ra4
21. Ra1 Rxf4 22. Bd3 Rc8 23. a3 g6 24. g3 Ra4 25. Be2 d4 26. cxd4 Rxd4 27. Bd3
Rc3 28. Kf2 Ra4 29. Ke2 Raxa3 30. Rxa3 Rxa3 31. Kd2 Bd5 32. Re1 b4 33. Rb1 a5
34. Rf1 Ra2 35. Rb1 b3 36. Kc3 bxc2 37. Rb8+ Kg7 38. Bxc2 Ra3+ 39. Kd2 Ra2 40.
Kc3 Ra1 41. Bb1 Ra3+ 42. Kd2 Rf3 43. Ke2 a4 44. Ba2 Rf5 45. Bxd5 Rxe5+ 46. Kf3
Rxd5 47. Ra8 Rd4 48. Ke3 Rb4 49. Kd3 Rb2 50. Rxa4 Rxh2 51. g4 h5 52. gxh5 Rxh5
53. Ke3 f5 54. Kf3 Kf6 55. Ra8 e5 56. Ra6+ Kg5 57. Ra5 e4+ 58. Kf2 Kf4 59. Ra3
Rh2+ 60. Kg1 Rb2 61. Ra1 e3 62. Kf1 Kf3 0-1

[Event "Summer Cup"]
[Site "Wellington Chess Club"]
[Date "2023.03.02"]
[Round "4.18"]
[White "Sova, Leo"]
[Black "Carlyle, Mathieson"]
[Result "1/2-1/2"]
[WhiteElo "1000"]
[BlackElo "1620"]

1. e4 e6 2. d4 d5 3. exd5 exd5 4. c4 Nf6 5. Nc3 dxc4 6. Bxc4 Bd7 7. Bg5 c6 8.
Nge2 Bd6 9. Ne4 Qa5+ 10. Bd2 Qc7 11. Nxd6+ Qxd6 12. Bc3 O-O 13. O-O Be6 14.
Bxe6 fxe6 15. Qd3 Nd5 16. Rad1 b5 17. Ng3 Nxc3 18. Qxc3 Qd5 19. a3 Nd7 20. Rfe1
Rf6 21. f3 Raf8 22. Ne4 Rg6 23. Kf2 Nf6 24. Nxf6+ gxf6 25. Qc5 Rf7 26. Qxd5
exd5 27. Re8+ Rf8 28. Re6 f5 29. Rde1 Kg7 30. Rxg6+ hxg6 31. Re7+ Rf7 32. Rxf7+
Kxf7 33. f4 Kf6 34. h3 Kg7 35. g4 Kf6 36. g5+ Ke6 37. Ke3 Kd6 38. b4 Ke6 39. h4
Kf7 40. Kd3 1/2-1/2

[Event "Summer Cup"]
[Site "Wellington Chess Club"]
[Date "2023.03.02"]
[Round "4.19"]
[White "de Maupeou d'Ableiges, Alexandre"]
[Black "Hampshire, Thomas"]
[Result "1-0"]
[WhiteElo "1699"]
[BlackElo "1522"]

1. e4 e5 2. Bc4 Nf6 3. d4 Nxe4 4. dxe5 c6 5. Qf3 d5 6. exd6 Nxd6 7. Bb3 Be7 8.
Ne2 O-O 9. O-O Nd7 10. Nbc3 Nc5 11. Rd1 Nxb3 12. axb3 Bd7 13. Bf4 Nf5 14. Ne4
Qc8 15. h3 Be6 16. g4 Nh4 17. Qg3 Bd5 18. N2c3 Qe6 19. Nxd5 cxd5 20. Ng5 Bxg5
21. Bxg5 Ng6 22. Re1 Qc6 23. c3 Rfe8 24. h4 h6 25. Be3 a6 26. h5 Ne7 27. Bd4
Qb5 28. Qe5 f6 29. Qe6+ Kh7 30. Qf7 Ng8 31. Qg6+ Kh8 32. g5 hxg5 33. h6 gxh6
34. Bxf6+ Nxf6 35. Qxf6+ Kh7 36. Qf7+ Kh8 37. Rad1 Rf8 38. Qg6 Rae8 39. Qxh6+
Kg8 40. Qxg5+ Kh8 41. Kg2 Rxf2+ 42. Kxf2 Qc5+ 43. Kg2 1-0

[Event "Summer Cup"]
[Site "Wellington Chess Club"]
[Date "2023.03.02"]
[Round "4.23"]
[White "Hill, Matthew"]
[Black "Darr, Samuel"]
[Result "0-1"]
[WhiteElo "1000"]
[BlackElo "1569"]

1. e4 e6 2. d4 d5 3. Nc3 Nf6 4. Bd3 c5 5. Nf3 Nc6 6. Bb5 dxe4 7. Ne5 Bd7 8. Bf4
cxd4 9. Ne2 Qa5+ 10. Nc3 dxc3 11. O-O Qxb5 12. Nxd7 Nxd7 13. b3 Be7 14. Re1 O-O
15. h4 Bxh4 16. Bd6 Be7 17. Bxe7 Nxe7 18. Rxe4 Rfd8 19. Re1 Rac8 20. a4 Qd5 21.
Qe2 Qd2 22. Rad1 Qxe2 23. Rxe2 Nc5 24. Rxd8+ Rxd8 25. f3 Rd2 26. Rf2 Nxb3 27.
Rf1 Rxc2 0-1

[Event "Summer Cup"]
[Site "Wellington Chess Club"]
[Date "2023.03.02"]
[Round "4.24"]
[White "Howe, Alexander"]
[Black "Nazeer, Afique"]
[Result "1-0"]
[WhiteElo "1556"]
[BlackElo "1200"]

1. e4 e5 2. Nf3 Nf6 3. d4 Nxe4 4. Nxe5 d6 5. Nf3 Be7 6. Bd3 d5 7. O-O O-O 8.
Nbd2 Nxd2 9. Bxd2 Nc6 10. c3 h6 11. h3 Be6 12. Qe2 Re8 13. Rfe1 Bd6 14. Qf1 Qf6
15. Be2 Ne7 16. Ne5 a6 17. Ng4 Bxg4 18. Bxg4 Ng6 19. g3 c5 20. Be3 c4 21. Qg2
Ne7 22. Bf3 Rab8 23. Bxd5 Nxd5 { [%csl Gg2] } 24. Qxd5 b5 25. Bd2 Bc7 26. b3
Red8 27. Qe4 cxb3 28. axb3 b4 29. Qc2 Qc6 30. Rac1 bxc3 31. Bxc3 Qd5 32. Rb1
Rb6 33. Qe4 Rc6 34. Qd3 Rg6 35. Qe4 Qh5 36. Qg2 Rd5 37. Re3 Qf5 38. Rbe1 Qd7
39. Re7 Qc6 40. Rxc7 Qxc7 41. Qxd5 Qxc3 42. Re8+ Kh7 43. Qc4 Qa1+ 44. Kg2 Rf6
45. Qc2+ g6 46. Qc8 g5 47. Rh8+ Kg6 48. Qc2+ Kg7 49. Qh7# 1-0

[Event "Summer Cup"]
[Site "Wellington Chess Club"]
[Date "2023.03.02"]
[Round "4.25"]
[White "Ulm, Eric"]
[Black "Fairbrother, Rebecca"]
[Result "1-0"]
[WhiteElo "1000"]
[BlackElo "1000"]

1. e4 e5 2. Nf3 Nf6 3. Nxe5 Qe7 4. d4 d6 5. Nf3 Qxe4+ 6. Qe2 Qe7 7. Qxe7+ Bxe7
8. Bd3 O-O 9. O-O d5 10. Re1 Re8 11. Nbd2 Be6 12. h3 Nbd7 13. Nf1 c5 14. c3 c4
15. Bc2 b5 16. b4 a5 17. bxa5 Rxa5 18. a4 Nb6 19. Ba3 Bd8 20. Bb4 Ra7 21. axb5
Rd7 22. Ne5 Rb7 23. Reb1 Be7 24. Bxe7 Rbxe7 25. Ng3 g6 26. f4 Nh5 27. Nxh5 gxh5
28. f5 f6 29. fxe6 Rxe6 30. Nf3 Re2 31. Re1 Nd7 32. Rxe2 Rxe2 33. Ba4 Re3 34.
Rc1 Nb6 35. Bd1 Na4 36. Bxa4 f5 37. b6 Re7 38. Rb1 h4 39. b7 Kf8 40. b8=Q+ Kf7
41. Qb7 Kf6 42. Qxe7+ Kxe7 43. Nxh4 Ke6 44. Nxf5 Kxf5 45. Re1 h5 46. Kf2 Kf4
47. Bc6 Kg5 48. Bxd5 1-0

[Event "Summer Cup"]
[Site "Wellington Chess Club"]
[Date "2023.03.02"]
[Round "4.25"]
[White "Krause, Dawid"]
[Black "Saglam, Yigit"]
[Result "0-1"]
[WhiteElo "1500"]
[BlackElo "1000"]

1. d4 d5 2. Nf3 Bf5 3. e3 Nf6 4. Bd3 Bxd3 5. Qxd3 c6 6. Bd2 e6 7. O-O Bd6 8.
Qb3 b6 9. Nc3 Qc7 10. h3 O-O 11. Ne2 Nbd7 12. c4 c5 13. Rac1 Qb8 14. cxd5 exd5
15. Nc3 c4 16. Qc2 b5 17. Qf5 Qb7 18. Ne5 Rad8 19. Rfe1 b4 20. Ne2 Ne4 { [%csl
Gf5] } 21. Red1 g6 22. Qg4 Nxe5 23. dxe5 Bxe5 24. b3 Bb2 25. Rc2 Bg7 26. bxc4
dxc4 27. f3 b3 28. axb3 cxb3 29. Rb2 Bxb2 30. fxe4 Be5 31. Nd4 Bxd4 32. exd4
Rxd4 33. Bc3 Rxd1+ 34. Qxd1 Qb6+ 35. Bd4 Rd8 0-1

[Event "Summer Cup"]
[Site "Wellington Chess Club"]
[Date "2023.03.02"]
[Round "4.27"]
[White "Saglam, Azra"]
[Black "Sethuramalingam, Karthik"]
[Result "0-1"]
[WhiteElo "1000"]
[BlackElo "1415"]

1. e4 c6 2. d4 d5 3. exd5 cxd5 4. Bd3 Nf6 5. c3 Nc6 6. Bf4 Qb6 7. Qb3 g6 8.
Qxb6 axb6 9. Nd2 Bg7 10. Ngf3 O-O 11. O-O Re8 12. Rfe1 Bg4 13. Ne5 Nh5 14. Bg3
Bc8 15. Bb5 Bxe5 16. Bxe5 Bd7 17. Bc7 Nb8 18. Bxd7 Nxd7 19. h3 f6 20. Nf3 Rac8
21. Bh2 f5 22. Ne5 Nhf6 23. f3 Nxe5 24. Bxe5 Nd7 25. Bh2 b5 26. Rac1 Nb6 27. b3
Kf7 28. Kf2 Ra8 29. Rc2 Rac8 30. Rec1 Nd7 31. Rd1 Nb6 32. Be5 b4 33. Rdc1 bxc3
34. Rxc3 Rxc3 35. Rxc3 Rc8 36. Rxc8 Nxc8 37. Ke3 Na7 38. a4 Nc6 39. f4 Na5 40.
b4 Nc4+ 41. Ke2 Ke6 42. a5 Kd7 43. Kd3 Kc6 44. Kc3 h5 45. Kb3 Kb5 46. Bc7 Ne3
0-1

[Event "Summer Cup"]
[Site "Wellington Chess Club"]
[Date "2023.03.02"]
[Round "4.28"]
[White "Jones, Christopher"]
[Black "Scott, Callum"]
[Result "0-1"]
[WhiteElo "1596"]
[BlackElo "1621"]

1. e4 c5 2. c3 Nc6 3. Nf3 e5 4. Bb5 d6 5. O-O Be7 6. d4 cxd4 7. cxd4 Bd7 8. d5
Nb8 9. Nc3 Nf6 10. Re1 O-O 11. Qb3 Qc7 12. h3 a6 13. Bd3 Nh5 14. Be3 Qc8 15.
Na4 Bxh3 16. gxh3 Qxh3 17. Nh2 f5 18. exf5 Nd7 19. Qxb7 Nf4 20. Bxf4 exf4 21.
Kh1 Qxd3 22. Rxe7 Qxf5 23. Qxd7 Qxd5+ 24. Kg1 Kh8 25. Nc3 Qg5+ 26. Kf1 Rad8 27.
Qe6 Qh4 28. Kg1 g5 29. Rf7 g4 30. Rxf8+ Rxf8 31. Qxg4 Rg8 32. Qxg8+ Kxg8 33.
Rd1 f3 34. Rxd6 Qg5+ 35. Kf1 Qg2+ 36. Ke1 Qxh2 37. Rxa6 Qg1+ 38. Kd2 Qxf2+ 0-1

[Event "Summer Cup"]
[Site "Wellington Chess Club"]
[Date "2023.03.02"]
[Round "4.29"]
[White "Hupert, Leo"]
[Black "Mangera, Muhammad"]
[Result "1-0"]
[WhiteElo "1326"]
[BlackElo "1515"]

1. e4 e5 2. Nf3 Nc6 3. Bc4 Bc5 4. d3 d6 5. Nc3 Bg4 6. h3 Bh5 7. g4 Bg6 8. a3
Qd7 9. Ng5 h6 10. Nf3 Nf6 11. Be3 Bxe3 12. fxe3 h5 13. g5 Nh7 14. Qd2 h4 15.
Qg2 Qe7 16. Nd5 Qd8 17. Rg1 Nf8 18. O-O-O Qd7 19. Qf2 O-O-O 20. Nxh4 Qxh3 21.
Nxg6 fxg6 22. Qf7 Rd7 23. Qf1 Qxf1 24. Rdxf1 Na5 25. Ba2 Ne6 26. Nb6+ axb6 27.
Bxe6 Nc6 28. Bxd7+ Kxd7 29. Rf7+ Ne7 30. Rxg7 Rg8 31. Rxg8 Nxg8 32. Rh1 Ke6 33.
Rh7 Ne7 34. c4 c6 35. b4 d5 36. exd5+ cxd5 37. cxd5+ Nxd5 38. e4 Nf4 39. Kd2
Nh3 40. Rxh3 b5 41. Rf3 Kd7 42. Rf6 Kc7 43. Rxg6 b6 44. Rf6 Kd7 45. g6 Ke7 46.
Rxb6 Kf8 47. Rxb5 Kg7 48. Rb6 Kh6 49. a4 Kg7 50. a5 Kh6 51. a6 Kg5 52. a7 Kf4
53. a8=Q Kf3 54. Rf6+ Kg4 55. Qc8+ Kg3 56. g7 Kh4 57. Qh8+ Kg5 58. g8=Q# 1-0

[Event "Summer Cup"]
[Site "Wellington Chess Club"]
[Date "2023.03.02"]
[Round "4.30"]
[White "Asher, Bruce"]
[Black "Hunt, Liam"]
[Result "0-1"]
[WhiteElo "1064"]
[BlackElo "1673"]

1. d4 f5 2. e3 Nf6 3. Nf3 e6 4. Nc3 Be7 5. h3 b6 6. Bd3 Bb7 7. Qe2 Ne4 8. a3
Nxc3 9. bxc3 d6 10. e4 fxe4 11. Bxe4 Ba6 12. Qe3 d5 13. Bd3 Bxd3 14. cxd3 Qd6
15. O-O Nd7 16. Ng5 Bxg5 17. Qxg5 O-O 18. Qg4 Rae8 19. Bh6 Rf7 20. Rfe1 e5 21.
Re3 Qxh6 22. Rae1 Nf6 23. Qe2 e4 24. dxe4 Rxe4 25. Qa6 Rxe3 26. Rxe3 Ne4 27.
Kh2 Qf4+ 28. Kh1 Nxf2+ 29. Kg1 Qxe3 30. Qc8+ Rf8 31. Qd7 Ng4+ 32. Kh1 Rf1# 0-1